Self-concept of selected lesbian, gay, bisexual and transgender (LGBT) members in Barangay Sampaloc, Tanay, Rizal / (Record no. 58483)
[ view plain ]
| 000 -LEADER | |
|---|---|
| fixed length control field | 03327nam a22003257i 4500 |
| 003 - CONTROL NUMBER IDENTIFIER | |
| control field | URS |
| 005 - DATE AND TIME OF LATEST TRANSACTION | |
| control field | 20220818135502.0 |
| 008 - FIXED-LENGTH DATA ELEMENTS--GENERAL INFORMATION | |
| fixed length control field | 180315b xxu||||| |||| 00| 0 eng d |
| 050 14 - LIBRARY OF CONGRESS CALL NUMBER | |
| Classification number | HQ 75.16.P6 |
| Item number | Se4859 2018 |
| 245 00 - TITLE STATEMENT | |
| Title | Self-concept of selected lesbian, gay, bisexual and transgender (LGBT) members in Barangay Sampaloc, Tanay, Rizal / |
| Statement of responsibility, etc. | Ellison Rey Y. Abasta, Arsenio C. Balatico, David M. Lago, Aldrin D. Pulao. |
| 264 #1 - PRODUCTION, PUBLICATION, DISTRIBUTION, MANUFACTURE, AND COPYRIGHT NOTICE | |
| Date of production, publication, distribution, manufacture, or copyright notice | 2018. |
| 300 ## - PHYSICAL DESCRIPTION | |
| Extent | [1 volume] : |
| Other physical details | illustration (some colour) ; |
| Dimensions | 28 cm |
| 336 ## - CONTENT TYPE | |
| Source | rdacontent |
| Content type term | text |
| 336 ## - CONTENT TYPE | |
| Source | rdacontent |
| Content type term | image |
| 337 ## - MEDIA TYPE | |
| Source | rdamedia |
| Media type term | unmediated |
| 338 ## - CARRIER TYPE | |
| Source | rdacarrier |
| Carrier type term | volume |
| 502 ## - DISSERTATION NOTE | |
| Dissertation note | Thesis |
| Degree type | BS in Psychology |
| Name of granting institution | University of Rizal System |
| Year degree granted | 2018 |
| 504 ## - BIBLIOGRAPHY, ETC. NOTE | |
| Bibliography, etc. note | Includes bibliographical references. |
| 520 ## - SUMMARY, ETC. | |
| Summary, etc. | This study dealt on the Self-Concept of the Lesbian, Gay, Bisexual and transgender in Sampaloc, Tanay, Rizal. This was conducted during the first semester school year 2018-2019. There were 48 LGBT respondents who were described in terms of age, sex, educational attainment, sibling position, monthly family income, occupation and religion. Descriptive research design was employed· in this undertaking. The salient findings of the study were: Most of the respondents, lesbian, gay, bisexual and transgender are dominated by 22-above years old. The lesbians are 1.00 percent females and gay are 100 percent males, bisexual are 83.3 percent males and transgender are 100 percent males. Most of the LGBT members finished high school. Most of the Lesbians, Gays and Transgender are first born while the bisexuals are fourth born. All of them got family income ranging from 20,001-25,000. Fifty (50) percent of the lesbians are unemployed, gays are distributed equally to varying occupation, bisexual are dominated by teachers and transgender by hair stylist. Majority of them belong to Roman Catholic. As to self-concept, it was revealed that all of them Much Observed their physical, emotional, interpersonal and psychological self-concept. The hypothesis is accepted in terms of age, sex, educational attainment, sibling position, monthly family income, occupation and religion. In conclusion, based on the results of the study the respondents are mostly adults, males, mostly high school graduates, first born, who are receiving ·family income between 20 .. 001-25,000. Most of the respondents Were employed as teachers and hair stylist and majority are .Roman Catholic. ·The respondents self-concept was interpreted as Much . Observed. Age, sex, educational attainment, monthly family income, occupation and religion were not significant, while sibling position was significant. Based on the findings the researchers encourage the LGBT to attend ALS vocational courses for them to. be encouraged to engage themselves in self-employment. LGBT may be encouraged to be involved in more community activities. Conduct of parallel studies along this area using other variables may be done. |
| 650 #0 - SUBJECT ADDED ENTRY--TOPICAL TERM | |
| Topical term or geographic name entry element | Lesbians |
| 650 #0 - SUBJECT ADDED ENTRY--TOPICAL TERM | |
| Topical term or geographic name entry element | Gays |
| 650 #0 - SUBJECT ADDED ENTRY--TOPICAL TERM | |
| Topical term or geographic name entry element | Bisexuals |
| 650 #0 - SUBJECT ADDED ENTRY--TOPICAL TERM | |
| Topical term or geographic name entry element | Transgender people |
| 700 1# - ADDED ENTRY--PERSONAL NAME | |
| Personal name | Abasta, Ellison Rey Y. |
| Relator term | author |
| 700 1# - ADDED ENTRY--PERSONAL NAME | |
| Personal name | Balatico, Arsenio C. |
| Relator term | author |
| 700 1# - ADDED ENTRY--PERSONAL NAME | |
| Personal name | Lago, David M. |
| Relator term | author |
| 700 1# - ADDED ENTRY--PERSONAL NAME | |
| Personal name | Pulao, Alorin D. |
| Relator term | author |
| 700 1# - ADDED ENTRY--PERSONAL NAME | |
| Personal name | Habulan, Belinda Lourdes M. |
| Relator term | degree supervisor |
| 942 ## - ADDED ENTRY ELEMENTS (KOHA) | |
| Source of classification or shelving scheme | Library of Congress Classification |
| Koha item type | Theses and dissertations |
| Withdrawn status | Source of classification or shelving scheme | Damaged status | Not for loan | Home library | Current library | Shelving location | Date acquired | Total Checkouts | Full call number | Barcode | Date last seen | Price effective from | Koha item type |
|---|---|---|---|---|---|---|---|---|---|---|---|---|---|
| Library of Congress Classification | Tanay College Library | Tanay College Library | Undergraduate Theses | 04/20/2022 | HQ 75.16.P6 Se4859 2018 | URSTAN-UGT4431 | 07/06/2023 | 04/20/2022 | Theses and dissertations |